Využitie Balanced Scorecard pri tvorbe a modelovaní strategických

Enregistré dans:
Détails bibliographiques
Auteur principal: Paulíny, Marián, 1987- (Auteur)
Autres auteurs: Hekelová, Edita, 1954- (Directeur de thèse)
Format: Manuscrit Livre
Langue:slovaque
Publié: Bratislava : STU v Bratislave SjF, 2011
Sujets:
Accès en ligne:VAIS
Tags: Ajouter un tag
Pas de tags, Soyez le premier à ajouter un tag!

MARC

LEADER 00000ntm a22000003a 4500
001 stu233037
005 20150617230136.1
008 110803s2011----xo------------------slo-d
040 |a STU  |b slo 
041 0 |a slo 
044 |a xo 
100 1 |a Paulíny, Marián,  |d 1987-  |4 aut  |u J  |T SjF Strojnícka fakulta  |X 69830  |U J  |Y 20  |7 A000069830 
242 0 0 |a Use of the Balanced Scorecard for the Development and Modeling of the Strategic Goals of a Company/Organization  |y eng 
245 1 |a Využitie Balanced Scorecard pri tvorbe a modelovaní strategických 
260 |a Bratislava :  |b STU v Bratislave SjF,  |c 2011 
650 7 |a kvalita produkcie v strojárskych podnikoch  |2 stusub 
650 7 |a Quality of Production in Engineering Enterprises  |2 estusub 
650 7 |a strategy  |2 estusub 
650 7 |a stratégia  |2 stusub 
700 1 |a Hekelová, Edita,  |d 1954-  |4 ths  |u J0070  |U SjF Strojnícka fakulta  |T SjF Ústav výrobných systémov, enviromentálnej techniky a manažment kvality  |X 2429  |U J0070  |Y 804  |7 A000002429 
856 4 |a info a plný text  |u http://is.stuba.sk/zp/portal_zp.pl?podrobnosti=74406  |3 VAIS